Buscando salud

Guardat en:
Dades bibliogràfiques
Autor principal: Aldunate Lyon, Carlos (Autor)
Format: Llibre
Idioma:espanyol
Publicat: Santiago Paulinas 1991
Edició:3a. ed
Col·lecció:Plenitud, 3
Matèries:
Etiquetes: Afegir etiqueta
Sense etiquetes, Sigues el primer a etiquetar aquest registre!

MARC

LEADER 00000nam a2200000 a 4500
001 UCI4867
003 CL-VaPUC
008 080307e19910000CL |||||||||||||||||spa|d
082 0 4 |a 253.5  |b ALD  |2 21 
100 0 |a Aldunate Lyon, Carlos  |e author  |9 526928 
245 1 0 |a Buscando salud 
250 |a 3a. ed 
300 |a 109 p 
942 |c BK 
945 |d 20080307 00:00:00  |a rbrito 
260 |a Santiago  |b Paulinas  |c 1991 
500 |a Donación padres capuchinos 
650 0 |a Espiritualidad   |9 267331 
650 7 |a PSICOLOGIA PASTORAL  |2 CL-VaPUC  |9 526929 
650 0 |a Cristianismo  |9 257361 
650 7 |a PARAPSICOLOGIA  |2 CL-VaPUC  |9 309534 
650 0 |a Meditaciones  |9 309833 
583 |a last modification  |c 20190712 10:20:30  |k Rodrigo Vera 
490 0 |a Plenitud, 3 
999 |c 328714  |d 328712 
952 |0 0  |1 0  |4 0  |6 253_500000000000000_ALD_1991  |7 0  |8 X  |9 412785  |a FDOBUD  |b FDOBUD  |d 2019-11-22  |i 4408934  |o 253.5 ALD 1991  |p 4408934  |r 2019-11-22  |w 2019-11-22  |y BK_X  |k BUD